-
BAJBAI, DR. ASHUTOSH & ARORA, DR. SHWETA AND MAURYA, DR. NEELAM
Entry Personal Name
Number of records used in: 1
001 - CONTROL NUMBER
003 - CONTROL NUMBER IDENTIFIER
005 - DATE AND TIME OF LATEST TRANSACTION
- control field:
20240920114421.0
008 - FIXED-LENGTH DATA ELEMENTS
- fixed length control field:
240920|| aca||aabn | a|a d
040 ## - CATALOGING SOURCE
- Original cataloging agency:
JRU
- Transcribing agency:
JRU
100 ## - HEADING--PERSONAL NAME
- Personal name:
BAJBAI, DR. ASHUTOSH & ARORA, DR. SHWETA AND MAURYA, DR. NEELAM
670 ## - SOURCE DATA FOUND
- Source citation:
Work cat.: (JRU)8705: BAJBAI, DR. ASHUTOSH & ARORA, DR. SHWETA AND MAURYA, DR. NEELAM , ENVIRONMENTAL EDUCATION AND DISASTER MANAGEMENT [ D. PHARMA 2ND YEAR ]